000 00686nam a2200241Ia 4500
003 OSt
005 20221007063447.0
006 a|||||r|||| 00| 0
007 ta
008 221006b |||||||| |||| 00| 0 eng d
024 _a26,584
037 _cTextual
040 _aFLL
_cFLL
_beng
041 _2eng
_aeng
082 _aZ73:36y7, J7;1
100 _aHanna John
_9684320
245 0 _aCases and materials on creditors' rights and corporate reorganization
250 _a5th
260 _aBrooklyn
_bThe Foundation Press, Inc. Brooklyn
_c1957
300 _axxxiii,1-1267p
_ccm.
942 _hZ73:36y7, J7;1
_cTEXL
_2CC
999 _c1131316
_d1131316